Anime résumé douteux - Statistiques

Statistiques générales
  • Ce quiz a été pris 148 fois
  • Le résultat moyen est 4 sur 15
Statistiques - réponses
Hint Réponse % Correct
Un lycéen qui se prend pour dieu et un dieu addicte aux pommes (team pomme) Death Note
83%
Un frère et une soeur hyper fort aux jeux avec une relation à la limite de l'inceste No game No life
61%
Un riche gothique et son majordome un peut pédo Black butler
57%
La preuve qu'on a pas besoin d'être une tour pour être bon au basket Kuroko no basket
50%
Des barmans qui jouent à torturer des gens morts Death parade
41%
Des ados qui s'identifient en tant qu'objets (armes) et d'autres en tant que propriétaire Soul Eater
28%
Un artiste martial littéralement genderfluid (change de genre avec un fluid) Ranma 1/2
20%
La suicide squad avec une seule survivante Akame ga kill
14%
Une collégienne qui fait le mur pour compléter sa collection de carte Sakura chasseuse de cartes
13%
Une pauvre forcée à travailler pour rembourser un vase Ouran high school host club
12%
Une ados qui pond 3 oeufs et en situationship avec un chat. Shugo shara
8%
Un singe qui tabasse tout le monde God of high school
4%
Des fils qui se rebellent contre leur père Blue exorcist
3%
Une sirène qui chante mal, prend une saison pour conquérir son crush. Au final, il l'oublie la saison suivante. Mermaid melody Pichi pichi pich;
3%
Des enfants qui choisissent leurs parents et se battent pour devenir roi des marionnettes. Zatch Bell
3%
Aucun quiz correspondant
Distribution des résultats
% des personnes avec chaque résultat
Percentile par nombre de réponses
Votre historique - résultats
Vous n’avez pas pris ce quiz